Statistics for US Cities That Start With D

Click here to take the quiz!

General Stats

  • This quiz has been taken 76 times
  • The average score is 4 of 5

Answer Stats

PopulationCity% Correct
1,317,929Dallas
95%
693,060Denver
93%
672,795Detroit
88%
215,472Des Moines
52%
263,016Durham
27%

Score Distribution

Percentile by Number Answered

Percent of People with Each Score

Your Score History

You have not taken this quiz